| 000 | 00350nam a2200133Ia 4500 | ||
|---|---|---|---|
| 008 | 240126s9999 xx 000 0 und d | ||
| 041 | _aEnglish | ||
| 245 | 0 | _aIndian Management (1998,99,2004 - | |
| 260 |
_bBusiness Standard _aNew Delhi |
||
| 440 | _aNULL | ||
| 650 | _aManagement | ||
| 650 | _aManagement,(1998,99,2004,-,Management | ||
| 942 | _cJN | ||
| 999 |
_c267445 _d267445 |
||